Statistics for Saintly Counties of U.S.

Click here to take the quiz!

General Stats

  • This quiz has been taken 107 times
  • The average score is 7 of 18

Answer Stats

StateInfo on the SaintCOUNTY% Correct
Arkansas16th century Basque Jesuit missionary to AsiaSt. Francis
76%
CaliforniaProper name Didacus of Alcala, worked in Canary IslandsSan Diego
60%
CaliforniaPatron saint of artillerymen, she was beheaded by her fatherSanta Barbara
55%
CaliforniaBorn Giovanni di Pietro di Bernardone in the Duchy of SpoletoSan Francisco
53%
MissouriFamily surname Borromeo, he became Archbishop of Milan at 25St. Charles
49%
TexasBorn in current Algeria in 354, became Bishop of HippoSan Augustine
46%
ColoradoYoungest of 12 Apostles, known as "Beloved Disciple"San Juan
44%
CaliforniaAnother of 12 Apostles, birth name probably LeviSan Mateo
43%
MichiganDescendent of King David, patron saint of New France & workersSt. Joseph
43%
California15th century Franciscan, known as "Apostle of Italy"San Bernardino
39%
CaliforniaConsidered maternal grandfather of Jesus, called Imran by MuslimsSan Joaquin
34%
FloridaReclusive girl from Viterbo, her saint's day features La MacchinaSanta Rosa
31%
MichiganPatron saint of TV, an early follower of St. Francis of AssisiSt. Clair
31%
CaliforniaBecame Bishop of Toulouse in 1297 at age 22, died at 23San Luis Obispo
30%
ColoradoArchangel mentioned in both Old Testament and QuranSan Miguel
25%
MarylandKnown as Theotokos in Orthodox ChurchesSaint Mary's
22%
New YorkReputedly sent the Holy Grail to Spain before his martyrdom in 258St. Lawrence
22%
MissouriOrganised a prayer marathon that saved Paris from Attila the HunSte. Genevieve
17%

Score Distribution

Percentile by Number Answered

Percent of People with Each Score

Your Score History

You have not taken this quiz